Les 10 personnes les plus riches de l'histoire - Statistiques

Statistiques générales
  • Ce quiz a été pris 14 fois
  • Le résultat moyen est 2 sur 10
Statistiques - réponses
Fortune estimée (en dollars) Nom % Correct
340.000.000.000 John D.Rockefeller
50%
400.000.000.000 Mansa Musa I
29%
310.000.000.000 Andrew Carnegie
21%
178.650.000.000 Alan Rufus
14%
199.000.000.000 Henry Ford
14%
185.000.000.000 Cornélius Vanderbilt
7%
200.000.000.000 Muammar al-Kadhafi
7%
300.000.000.000 Nikolaï Alexandrovitch Romanov
7%
230.000.000.000 Mir Osman Ali Khan
0%
229.500.000.000 William Le Conquérant
0%
Aucun quiz correspondant
Distribution des résultats
% des personnes avec chaque résultat
Percentile par nombre de réponses
Votre historique - résultats
Vous n’avez pas pris ce quiz